Система философии (Запись № 4891574)
[ простой вид ]
| 000 -МАРКЕР | |
|---|---|
| контрольное поле | 01268nam0a22004091 4500 |
| 001 - ИДЕНТИФИКАТОР ЗАПИСИ | |
| контрольное поле | v19\rc\1740447 |
| 005 - ИДЕНТИФИКАТОР ВЕРСИИ | |
| контрольное поле | 20250619055701.0 |
| 035 ## - ДРУГИЕ СИСТЕМНЫЕ НОМЕРА | |
| Идентификатор записи | (NLR Aleph) 004848009 |
| 100 ## - ДАННЫЕ ОБЩЕЙ ОБРАБОТКИ | |
| Данные общей обработки | 20061204d1902 |||y0rusy50 ca |
| 101 1# - ЯЗЫК РЕСУРСА | |
| Язык текста, звукозаписи и т.д. | русский |
| Язык оригинала | немецкий |
| 102 ## - СТРАНА ПУБЛИКАЦИИ ИЛИ ПРОИЗВОДСТВА | |
| Страна публикации | Российская Федерация |
| 105 ## - ПОЛЕ КОДИРОВАННЫХ ДАННЫХ: ТЕКСТОВЫЕ МАТЕРИАЛЫ, МОНОГРАФИЧЕСКИЕ | |
| Кодированные данные о монографическом текстовом документе | y z ||||| |
| 200 1# - ЗАГЛАВИЕ И СВЕДЕНИЯ ОБ ОТВЕТСТВЕННОСТИ | |
| Основное заглавие | Система философии |
| Первые сведения об ответственности | Вильгельм Вундт |
| Последующие сведения об ответственности | Пер. с нем. А.М. Водена |
| 210 ## - ПУБЛИКАЦИЯ, РАСПРОСТРАНЕНИЕ И ДР. | |
| Место издания, распространения и т.д. | Санкт-Петербург |
| Имя издателя, распространителя и т. д. | Ф. Пантелеев |
| Дата издания, распространения и т.д. | 1902 |
| 215 ## - ФИЗИЧЕСКАЯ ХАРАКТЕРИСТИКА | |
| Специфическое обозначение материала и объем | VIII, 436 с. |
| Размеры | 25 |
| 532 13 - РАСШИРЕННОЕ ЗАГЛАВИЕ | |
| Заглавие | Система философии |
| 700 #1 - ИМЯ ЛИЦА - ПЕРВИЧНАЯ ОТВЕТСТВЕННОСТЬ | |
| Начальный элемент ввода | Вундт |
| Часть имени, кроме начального элемента ввода | В.М. |
| Даты | 1832-1920 |
| Расширение инициалов личного имени | Вильгельм Макс |
| 702 #1 - ИМЯ ЛИЦА - ВТОРИЧНАЯ ОТВЕТСТВЕННОСТЬ | |
| Начальный элемент ввода | Воден |
| Часть имени, кроме начального элемента ввода | А.М. |
| Даты | 1870- |
| Расширение инициалов личного имени | Алексей Михайлович |
| Код отношения | Переводчик |
| 801 #0 - ИСТОЧНИК ЗАПИСИ | |
| Страна | Российская Федерация |
| Организация | NLR |
| Правила каталогизации | psbo |
| 801 #0 - ИСТОЧНИК ЗАПИСИ | |
| Страна | Российская Федерация |
| Организация | RuMoRGB |
| Источник данных | psbo |
| 801 #1 - ИСТОЧНИК ЗАПИСИ | |
| Страна | Российская Федерация |
| Организация | ProSoft-M |
| Источник данных | rusmarc |
| 852 ## - МЕСТОНАХОЖДЕНИЕ И ШИФР ХРАНЕНИЯ | |
| Идентификатор организации | NLR |
| Шифр хранения (Call Number) | 34.5.5.87 |
| 852 ## - МЕСТОНАХОЖДЕНИЕ И ШИФР ХРАНЕНИЯ | |
| Идентификатор организации | NLR |
| Шифр хранения (Call Number) | 127/2505 |
| 852 ## - МЕСТОНАХОЖДЕНИЕ И ШИФР ХРАНЕНИЯ | |
| Идентификатор организации | NLR |
| Наименование фонда или коллекции (Sub-Location Identifier) | Мф |
| Шифр хранения (Call Number) | К1/22423 |
| 899 ## - ДАННЫЕ О МЕСТОНАХОЖДЕНИИ (устаревшее) | |
| Местонахождение | RuMoRGB |
| Шифр хранения | W 455/33 |
| 899 ## - ДАННЫЕ О МЕСТОНАХОЖДЕНИИ (устаревшее) | |
| Местонахождение | RuMoRGB |
| Шифр хранения | V 103/169 |
| 899 ## - ДАННЫЕ О МЕСТОНАХОЖДЕНИИ (устаревшее) | |
| Местонахождение | RuMoRGB |
| Шифр хранения | U 118/165 |
| 899 ## - ДАННЫЕ О МЕСТОНАХОЖДЕНИИ (устаревшее) | |
| Местонахождение | RuMoRGB |
| Шифр хранения | U 408/7 |
| 899 ## - ДАННЫЕ О МЕСТОНАХОЖДЕНИИ (устаревшее) | |
| Местонахождение | RuMoRGB |
| Шифр хранения | Рб 33/71 |
| 899 ## - ДАННЫЕ О МЕСТОНАХОЖДЕНИИ (устаревшее) | |
| Местонахождение | БАН |
| 899 ## - ДАННЫЕ О МЕСТОНАХОЖДЕНИИ (устаревшее) | |
| Местонахождение | НБ СПбГУ |
| 899 ## - ДАННЫЕ О МЕСТОНАХОЖДЕНИИ (устаревшее) | |
| Местонахождение | ГПИБ |
| 899 ## - ДАННЫЕ О МЕСТОНАХОЖДЕНИИ (устаревшее) | |
| Местонахождение | НБ МГУ |
| 942 ## - ДОПОЛНИТЕЛЬНЫЕ ЭЛЕМЕНТЫ ЗАПИСИ (АБИС) | |
| Тип экземпляра АБИС | Книга |
| 980 ## - КОЛЛЕКЦИЯ | |
| Название коллекции | Национальная библиография |
| Тип экземпляра | Дата поступления | Библиотека постоянного хранения | Библиотека текущего хранения | Место хранения | Шифр хранения | Штрих-код | Статус экземпляра |
|---|---|---|---|---|---|---|---|
| Книга | 26.10.2013 | РНБ (Московский) | РНБ (Московский) | Фонд микроформ | Мф К1/22423 | 4848009-30 | |
| Книга | 26.10.2013 | РНБ (Московский) | РНБ (Московский) | Неопределен, для заказа не доступен, в ЭК виден | 4848009-90 | ||
| Книга | 26.10.2013 | РНБ (Московский) | РНБ (Московский) | Неопределен, для заказа не доступен, в ЭК виден | 4848009-100 | ||
| Книга | 26.10.2013 | РНБ (Московский) | РНБ (Московский) | Неопределен, для заказа не доступен, в ЭК виден | 4848009-110 | ||
| Книга | 26.10.2013 | РНБ (Московский) | РНБ (Московский) | Неопределен, для заказа не доступен, в ЭК виден | 4848009-120 | ||
| Книга | 26.10.2013 | РНБ (Садовая) | РНБ (Садовая) | Русский книжный фонд -Главное здание, Ленинский читальный зал | 34.5.5.87 | 4848009-10 | |
| Книга | 26.10.2013 | РНБ (Садовая) | РНБ (Садовая) | Русский книжный фонд -Главное здание, Ленинский читальный зал | 127/2505 | 4848009-20 |